000 00329nam a2200121 i 4500
001 bg
245 0 _aMszyce i inne pluskwiaki równoskrzydłe. Z.392 :
_bzeszyty problemowe postępów Nauk Rolniczych.
260 _aWarszawa,
_c1990.
040 _cBPK
041 _apol
942 _cKS
008 s pl f |000 0 pol
999 _c29265
_d29265
856 _uhttp://koha.tu.koszalin.pl/cgi-bin/koha/opac-detail.pl?biblionumber=29265
_yKatalog online BPK